00387nam a2200121Ia 4500008004100000082001100041245006000052250000600112260001900118300000800137630006000145730006000205090124s9999 xx 000 0 und d b204250 aDR. B.R. AMBEDKAR BUDDHIST REVOLUTION IN ANCIENT INDIA  a0 bAHIR D.Cc1996 a268 aDR. B.R. AMBEDKAR BUDDHIST REVOLUTION IN ANCIENT INDIA  aDR. B.R. AMBEDKAR BUDDHIST REVOLUTION IN ANCIENT INDIA